000 00675nam a2200217 a 4500
001 000048518
003 DO-SdBNP
005 20230111143312.0
007 ta
008 190327s2017 000 spa d
020 _a9789945891751
040 _aDO-SdBNP
_bspa
_cBNPHU
082 4 _222
100 1 _aTaveras García, Héctor Darío
_911796
245 1 0 _aHistoria de la odontología dominicana /
_cHéctor Darío Tavera García;.
260 _a[Santo Domingo] :
_bMinisterio de Educación Superior (MESCyT),
_c2017.
300 _a463 p. :
_bil., gráf., retrs. ;
_c28 cm.
504 _aBibliografía : p. 449-462
590 _aInventariado, 2019/VM
942 _2ddc
_cLBS1
999 _c48006
_d48006